000 00323nam a22001337a 4500
008 170817b xxu||||| |||| 00| 0 eng d
020 _a9780131679962
041 _aeng
080 _23 ED
_a51
100 _a36
101 _aMAT
245 _aDISCRETE MATHEMATICS WITH GRAPH THEORY
_cGEODAINE.E.G
942 _2udc
_cBK
999 _c23876
_d23876